<?xml version="1.0" encoding="UTF-8"?>
<collection xmlns="http://www.loc.gov/MARC21/slim">
 <record>
  <leader>01191nam a2200301 a 4500</leader>
  <controlfield tag="001">4926180</controlfield>
  <controlfield tag="008">090916s1996    njua     b    000 0 eng d</controlfield>
  <datafield tag="010" ind1=" " ind2=" ">
   <subfield code="a">   95035582</subfield>
  </datafield>
  <datafield tag="020" ind1=" " ind2=" ">
   <subfield code="a">0195657861</subfield>
  </datafield>
  <datafield tag="020" ind1=" " ind2=" ">
   <subfield code="a">9780195657869 </subfield>
  </datafield>
  <datafield tag="020" ind1=" " ind2=" ">
   <subfield code="a">0691037914 (cl : alk. paper)</subfield>
  </datafield>
  <datafield tag="040" ind1=" " ind2=" ">
   <subfield code="a">DLC</subfield>
   <subfield code="c">DLC</subfield>
   <subfield code="d">DLC</subfield>
  </datafield>
  <datafield tag="082" ind1="0" ind2="0">
   <subfield code="a">530.1/1</subfield>
   <subfield code="2">20</subfield>
  </datafield>
  <datafield tag="100" ind1="1" ind2=" ">
   <subfield code="a">Hawking, S. W.</subfield>
   <subfield code="q">(Stephen W.)</subfield>
  </datafield>
  <datafield tag="245" ind1="1" ind2="4">
   <subfield code="a">The nature of space and time /</subfield>
   <subfield code="c">Stephen Hawking and Roger Penrose.</subfield>
  </datafield>
  <datafield tag="260" ind1=" " ind2=" ">
   <subfield code="a">Princeton, N.J. :</subfield>
   <subfield code="b">Princeton University Press, ;</subfield>
   <subfield code="a">New York ;</subfield>
   <subfield code="a">New Delhi :</subfield>
   <subfield code="b">Oxford University Press,</subfield>
   <subfield code="c">c1996.</subfield>
  </datafield>
  <datafield tag="300" ind1=" " ind2=" ">
   <subfield code="a">viii, 141 p. :</subfield>
   <subfield code="b">ill. ;</subfield>
   <subfield code="c">24 cm.</subfield>
  </datafield>
  <datafield tag="490" ind1="0" ind2=" ">
   <subfield code="a">The Isaac Newton Institute series of lectures</subfield>
  </datafield>
  <datafield tag="504" ind1=" " ind2=" ">
   <subfield code="a">Includes bibliographical references (p. [139]-141).</subfield>
  </datafield>
  <datafield tag="541" ind1="1" ind2=" ">
   <subfield code="e">00019277</subfield>
  </datafield>
  <datafield tag="650" ind1=" " ind2="0">
   <subfield code="a">Space and time.</subfield>
  </datafield>
  <datafield tag="650" ind1=" " ind2="0">
   <subfield code="a">Quantum theory.</subfield>
  </datafield>
  <datafield tag="650" ind1=" " ind2="0">
   <subfield code="a">Astrophysics.</subfield>
  </datafield>
  <datafield tag="650" ind1=" " ind2="0">
   <subfield code="a">Cosmology.</subfield>
  </datafield>
  <datafield tag="700" ind1="1" ind2=" ">
   <subfield code="a">Penrose, Roger.</subfield>
  </datafield>
  <datafield tag="852" ind1="4" ind2=" ">
   <subfield code="a">Ayesha Abed Library</subfield>
   <subfield code="j">General shelf </subfield>
  </datafield>
  <datafield tag="999" ind1=" " ind2=" ">
   <subfield code="c">3979</subfield>
   <subfield code="d">3979</subfield>
  </datafield>
  <datafield tag="952" ind1=" " ind2=" ">
   <subfield code="0">0</subfield>
   <subfield code="1">4</subfield>
   <subfield code="2">ddc</subfield>
   <subfield code="4">0</subfield>
   <subfield code="6">530_110000000000000_HAW</subfield>
   <subfield code="7">0</subfield>
   <subfield code="9">3667</subfield>
   <subfield code="a">BRACUL</subfield>
   <subfield code="b">BRACUL</subfield>
   <subfield code="c">GEN</subfield>
   <subfield code="d">2009-09-15</subfield>
   <subfield code="e">Prothoma</subfield>
   <subfield code="g">280.00</subfield>
   <subfield code="l">4</subfield>
   <subfield code="m">23</subfield>
   <subfield code="o">530.11 HAW</subfield>
   <subfield code="p">3010019277</subfield>
   <subfield code="r">2013-02-19</subfield>
   <subfield code="s">2013-02-03</subfield>
   <subfield code="t">1</subfield>
   <subfield code="v">560.00</subfield>
   <subfield code="w">2009-09-17</subfield>
   <subfield code="y">BK</subfield>
   <subfield code="x">Koha Inventory 2020</subfield>
  </datafield>
 </record>
</collection>
